[Event "CAN-op"]
[Site "Vancouver CAN"]
[Date "1999.07.09"]
[Round "9"]
[White "Gardner, Robert"]
[Black "Ehrman, Carl"]
[Result "1-0"]
[WhiteElo "2338"]
[BlackElo "2197"]
[PlyCount "85"]
[GameId "2160767911743149"]
[EventDate "1999.07.02"]
[EventType "swiss"]
[EventRounds "11"]
[EventCountry "CAN"]

1. e4 c5 2. Nf3 e6 3. d4 cxd4 4. Nxd4 Bc5 5. Nb3 Bb6 6. c4 Qh4 7. Qc2 d6 8. Nc3 Bd7 9. g3 Qe7 10. Bg2 Nc6 11. Bf4 Ne5 12. c5 Bc7 13. cxd6 Bxd6 14. Rd1 Nf6 15. O-O O-O 16. Bg5 Bc7 17. f4 Bb6+ 18. Kh1 Neg4 19. e5 Ne3 20. Qe2 Nxg2 21. Kxg2 Bc6+ 22. Kh3 Kh8 23. exf6 gxf6 24. Qe5 fxe5 25. Bxe7 exf4 26. Bxf8 Rxf8 27. Rxf4 f5 28. Re1 Bd7 29. Nd4 Re8 30. Nf3 Bf2 31. Re2 Bc5 32. Ne5 Bc8 33. Rc4 b6 34. Rxc5 bxc5 35. Nf7+ Kg7 36. Nd6 Rd8 37. Nxc8 Rxc8 38. Rxe6 Rb8 39. b3 c4 40. bxc4 Rc8 41. Re7+ Kg6 42. Rxa7 Rxc4 43. Ne2 1-0

[Event "CAN-op"]
[Site "Vancouver CAN"]
[Date "1999.07.09"]
[Round "9"]
[White "Gibney, Eugene"]
[Black "Fuentebella, Mayo"]
[Result "0-1"]
[WhiteElo "2199"]
[BlackElo "2332"]
[PlyCount "80"]
[GameId "2160767911743150"]
[EventDate "1999.07.02"]
[EventType "swiss"]
[EventRounds "11"]
[EventCountry "CAN"]

1. e4 e6 2. d4 d5 3. Nc3 Nf6 4. e5 Nfd7 5. f4 c5 6. Nf3 Nc6 7. Be3 a6 8. Qd2 b5 9. dxc5 Bxc5 10. Bxc5 Nxc5 11. Qf2 Qb6 12. Bd3 Rb8 13. O-O b4 14. Ne2 f6 15. Kh1 O-O 16. Qh4 Nxd3 17. cxd3 Qe3 18. Ng3 Qxd3 19. Rac1 Ne7 20. exf6 Ng6 21. fxg7 Nxh4 22. gxf8=Q+ Kxf8 23. Nxh4 Bd7 24. Rc7 Ke8 25. Nf3 Rc8 26. Rxd7 Qxf1+ 27. Nxf1 Kxd7 28. Ne5+ Kd6 29. Nd3 Rc4 30. g3 Rc2 31. Nxb4 Rxb2 32. Nxa6 Rb6 33. g4 Rxa6 34. Kg2 Rxa2+ 35. Kf3 e5 36. f5 e4+ 37. Kg3 d4 38. g5 Ke5 39. f6 e3 40. h4 e2 0-1

[Event "CAN-op"]
[Site "Vancouver CAN"]
[Date "1999.07.09"]
[Round "9"]
[White "Hua, Lefong"]
[Black "Wright, Stephen"]
[Result "1-0"]
[WhiteElo "2359"]
[BlackElo "2220"]
[PlyCount "59"]
[GameId "2160767911743151"]
[EventDate "1999.07.02"]
[EventType "swiss"]
[EventRounds "11"]
[EventCountry "CAN"]

1. c4 f5 2. g3 g6 3. Bg2 Bg7 4. Nc3 Nf6 5. d3 d6 6. e3 e5 7. Nge2 c6 8. O-O a5 9. Rb1 O-O 10. a3 Na6 11. b4 axb4 12. axb4 Nc7 13. Qb3 Rb8 14. Ba3 Be6 15. b5 c5 16. d4 b6 17. dxe5 dxe5 18. Rfd1 Qe7 19. Nd5 Qf7 20. Bb2 e4 21. Nef4 Nfxd5 22. cxd5 Bc8 23. Bf1 g5 24. Bxg7 Kxg7 25. Qc3+ Kh6 26. d6 gxf4 27. dxc7 Rb7 28. Rd6+ Be6 29. Bc4 Re8 30. Rxe6+ 1-0

[Event "CAN-op"]
[Site "Vancouver CAN"]
[Date "1999.07.09"]
[Round "9"]
[White "Ivankovic, Goran"]
[Black "Haukenfrers, Dale"]
[Result "0-1"]
[WhiteElo "1844"]
[BlackElo "2184"]
[PlyCount "67"]
[GameId "2160767911743152"]
[EventDate "1999.07.02"]
[EventType "swiss"]
[EventRounds "11"]
[EventCountry "CAN"]

1. Nf3 Nf6 2. d4 g6 3. Bg5 Ne4 4. Bf4 Bg7 5. c3 O-O 6. Nbd2 d5 7. Nxe4 dxe4 8. Nd2 f5 9. e3 Nc6 10. Bc4+ Kh8 11. h4 e5 12. Bg5 Bf6 13. Bh6 Re8 14. Qe2 a6 15. O-O-O exd4 16. exd4 b5 17. Bb3 b4 18. Qe3 bxc3 19. bxc3 Qe7 20. Bg5 Rb8 21. Nc4 a5 22. Bxf6+ Qxf6 23. d5 f4 24. Qd2 Rd8 25. Qc2 Ne7 26. Nxa5 Bg4 27. Rd4 Rb5 28. Nc4 Rbxd5 29. Qxe4 Rxd4 30. cxd4 Rxd4 31. Qa8+ Kg7 32. Nd2 Rxd2 33. Kxd2 Qd4+ 34. Ke1 0-1

[Event "CAN-op"]
[Site "Vancouver CAN"]
[Date "1999.07.09"]
[Round "9"]
[White "Lapides, Andrew"]
[Black "Olson, Hans"]
[Result "1-0"]
[WhiteElo "2278"]
[BlackElo "1980"]
[PlyCount "87"]
[GameId "2160767911743153"]
[EventDate "1999.07.02"]
[EventType "swiss"]
[EventRounds "11"]
[EventCountry "CAN"]

1. d4 Nf6 2. c4 c5 3. d5 e6 4. Nc3 exd5 5. cxd5 d6 6. e4 g6 7. f4 Bg7 8. Nf3 O-O 9. Be2 Bg4 10. O-O Nbd7 11. Nd2 Bxe2 12. Qxe2 a6 13. a4 Ne8 14. Nf3 Nc7 15. f5 Re8 16. fxg6 hxg6 17. Bg5 Bd4+ 18. Kh1 f6 19. Bh4 Bxc3 20. bxc3 Kg7 21. c4 Qe7 22. Rae1 b5 23. Qd2 b4 24. e5 dxe5 25. d6 Qd8 26. dxc7 Qxc7 27. Qc2 f5 28. Qb2 Re6 29. Rf2 Kg8 30. Bg3 Rae8 31. Rfe2 Qc6 32. Bxe5 Nxe5 33. Rxe5 Rxe5 34. Rxe5 Rd8 35. Re1 Qxa4 36. Qf6 Rd1 37. Qxg6+ Kh8 38. Qf6+ Kg8 39. Qe6+ Kh8 40. Qe5+ Kg8 41. h4 Rxe1+ 42. Qxe1 b3 43. Qe6+ Kg7 44. Ne5 1-0

[Event "CAN-op"]
[Site "Vancouver CAN"]
[Date "1999.07.09"]
[Round "9"]
[White "Lee, Jason"]
[Black "Brodie, Hugh"]
[Result "0-1"]
[WhiteElo "1770"]
[BlackElo "1990"]
[PlyCount "106"]
[GameId "2160767911743154"]
[EventDate "1999.07.02"]
[EventType "swiss"]
[EventRounds "11"]
[EventCountry "CAN"]

1. d4 e6 2. c4 f5 3. g3 Nf6 4. Bg2 d5 5. cxd5 exd5 6. Nc3 c6 7. Nf3 Bd6 8. O-O O-O 9. a3 Qe8 10. b4 Ne4 11. Bd2 Nd7 12. Na4 f4 13. Nc5 fxg3 14. fxg3 Ndf6 15. Ng5 Nxc5 16. bxc5 Bc7 17. Bf4 Bxf4 18. Rxf4 Qe3+ 19. Kh1 Re8 20. Qb1 Re7 21. Bf1 h6 22. Nh3 Ne4 23. Qb2 Bxh3 24. Rf3 Qd2 25. Qxd2 Nxd2 26. Bxh3 Nxf3 27. exf3 Re2 28. Rb1 Rae8 29. Kg1 Re1+ 30. Rxe1 Rxe1+ 31. Kf2 Re7 32. f4 b6 33. g4 g5 34. fxg5 hxg5 35. Bg2 Kg7 36. a4 bxc5 37. dxc5 Rb7 38. Bf1 Rb4 39. Ba6 Rxa4 40. Bb7 Rc4 41. Bxc6 Rxc5 42. Bd7 Rc3 43. Bf5 Kf6 44. Ke2 Ke5 45. Kd2 d4 46. Ke2 Rh3 47. Kd2 Rxh2+ 48. Kd3 Rh3+ 49. Kc4 Rf3 50. Bg6 Rc3+ 51. Kb5 d3 52. Bxd3 Rxd3 53. Ka6 Rb3 0-1

[Event "CAN-op"]
[Site "Vancouver CAN"]
[Date "1999.07.09"]
[Round "9"]
[White "Levtchouk, George"]
[Black "Seid, Hee"]
[Result "1-0"]
[WhiteElo "2375"]
[BlackElo "2217"]
[PlyCount "85"]
[GameId "2160767911743155"]
[EventDate "1999.07.02"]
[EventType "swiss"]
[EventRounds "11"]
[EventCountry "CAN"]
[SourceTitle "hb 2011"]

1. d4 g6 2. c4 Bg7 3. e4 d6 4. Nc3 c5 5. d5 Nf6 6. f3 O-O 7. Bg5 a6 8. a4 b6 9. Qd2 Ra7 10. Nge2 e5 11. g4 Qe8 12. Ng3 Kh8 13. Bd3 Ng8 14. h4 f6 15. Be3 Rff7 16. Kd1 Rab7 17. Kc2 a5 18. Rag1 Na6 19. Kc1 Nb4 20. Bb1 Bf8 21. Qg2 Rg7 22. g5 fxg5 23. hxg5 Rbf7 24. b3 Be7 25. Nge2 Qf8 26. Rf1 Bd7 27. f4 Qc8 28. Qh2 Qd8 29. Kb2 Qf8 30. Rfg1 exf4 31. Nxf4 Qc8 32. e5 Bf5 33. e6 Bxb1 34. Rxb1 Rxf4 35. Bxf4 Qf8 36. Qd2 Qf5 37. Ka1 Nf6 38. gxf6 Bxf6 39. Bh6 Rg8 40. Rbf1 Qe5 41. Rxf6 Qxf6 42. Bg5 Qf5 43. Rxh7+ 1-0

[Event "CAN-op"]
[Site "Vancouver CAN"]
[Date "1999.07.09"]
[Round "9"]
[White "Lipnowski, Samuel"]
[Black "Willis, Bradley"]
[Result "1/2-1/2"]
[WhiteElo "1948"]
[BlackElo "2100"]
[PlyCount "68"]
[GameId "2160767911743156"]
[EventDate "1999.07.02"]
[EventType "swiss"]
[EventRounds "11"]
[EventCountry "CAN"]

1. e4 c5 2. Nf3 d6 3. d4 cxd4 4. Nxd4 Nf6 5. Nc3 g6 6. Be3 Bg7 7. f3 O-O 8. Qd2 Nc6 9. Bc4 Bd7 10. O-O-O Qb8 11. g4 b5 12. Nxc6 Bxc6 13. Bd5 Rc8 14. Kb1 a5 15. Bxc6 Rxc6 16. Nd5 Nxd5 17. exd5 Rc4 18. h4 a4 19. h5 b4 20. hxg6 b3 21. gxf7+ Kf8 22. c3 bxa2+ 23. Ka1 a3 24. Bh6 axb2+ 25. Qxb2 Qxb2+ 26. Kxb2 Rb8+ 27. Ka1 Rxc3 28. Bxg7+ Kxg7 29. Rde1 Rxf3 30. Rxe7 Rb1+ 31. Rxb1 axb1=Q+ 32. Kxb1 Rd3 33. f8=Q+ Kxf8 34. Rxh7 Rxd5 1/2-1/2

[Event "CAN-op"]
[Site "Vancouver CAN"]
[Date "1999.07.09"]
[Round "9"]
[White "Neven, Knut"]
[Black "Lipnowski, Irwin"]
[Result "1-0"]
[WhiteElo "2305"]
[BlackElo "2347"]
[PlyCount "53"]
[GameId "2160767911743157"]
[EventDate "1999.07.02"]
[EventType "swiss"]
[EventRounds "11"]
[EventCountry "CAN"]

1. e4 c5 2. Ne2 Nc6 3. Nbc3 g6 4. g3 Bg7 5. Bg2 d6 6. d3 e6 7. Be3 Rb8 8. O-O Nd4 9. Qd2 b5 10. Nd1 b4 11. Nc1 Ba6 12. c3 bxc3 13. bxc3 Nc6 14. f4 Nge7 15. f5 Ng8 16. fxe6 fxe6 17. Bh3 Qe7 18. Ne2 Nf6 19. Bg5 O-O 20. Nf4 Nd8 21. Ne3 Nxe4 22. Bxe7 Nxd2 23. Bxf8 Nxf1 24. Bxd6 Rb6 25. Bxc5 Bxc3 26. Rxf1 Rc6 27. Bxa7 1-0

[Event "CAN-op"]
[Site "Vancouver CAN"]
[Date "1999.07.09"]
[Round "9"]
[White "Strojevs, Alexander"]
[Black "Hladek, David"]
[Result "1/2-1/2"]
[WhiteElo "1884"]
[BlackElo "2044"]
[PlyCount "68"]
[GameId "2160767911743158"]
[EventDate "1999.07.02"]
[EventType "swiss"]
[EventRounds "11"]
[EventCountry "CAN"]
[SourceTitle "EXT 2022"]
[Source "ChessBase"]
[SourceDate "2021.10.06"]
[SourceVersion "1"]
[SourceVersionDate "2021.10.06"]
[SourceQuality "1"]

1. d4 Nf6 2. c4 c5 3. d5 b5 4. cxb5 a6 5. bxa6 Bxa6 6. Nc3 d6 7. e4 Bxf1 8. Kxf1 g6 9. Nf3 Nbd7 10. h3 Bg7 11. g3 O-O 12. Kg2 Qa5 13. Re1 Rfb8 14. Re2 Nb6 15. Qc2 Qa6 16. b3 Nfd7 17. Bb2 Ne5 18. Nxe5 Bxe5 19. Na4 Nxa4 20. Bxe5 dxe5 21. bxa4 Rb7 22. Ree1 Rc7 23. Reb1 c4 24. Rb4 c3 25. Rab1 Rac8 26. Rb8 Rxb8 27. Rxb8+ Kg7 28. Rb4 e6 29. dxe6 Qxe6 30. Rb1 Qc6 31. Rc1 Qd6 32. Rd1 Qb4 33. Rb1 Qd6 34. Rd1 Qb4 1/2-1/2

[Event "CAN-op"]
[Site "Vancouver CAN"]
[Date "1999.07.11"]
[Round "9"]
[White "Cummings, David"]
[Black "Basanta, Gary"]
[Result "1-0"]
[WhiteElo "2357"]
[BlackElo "2355"]
[PlyCount "65"]
[GameId "2160767911743159"]
[EventDate "1999.07.02"]
[EventType "swiss"]
[EventRounds "11"]
[EventCountry "CAN"]
[SourceTitle "EXT 2000"]
[Source "ChessBase"]
[SourceDate "1999.11.18"]
[SourceVersion "1"]
[SourceVersionDate "1999.11.18"]
[SourceQuality "1"]

1. Nf3 Nf6 2. c4 b6 3. g3 Bb7 4. Bg2 c5 5. Nc3 e6 6. O-O d6 7. Re1 Nbd7 8. e4 a6 9. d4 cxd4 10. Nxd4 Qc7 11. Be3 Be7 12. Rc1 Rc8 13. f4 Qb8 14. Qe2 O-O 15. Bf2 h6 16. f5 e5 17. Nc2 Rfe8 18. Nb4 Bd8 19. g4 Nc5 20. h4 Nfd7 21. Nbd5 Nf6 22. Nxf6+ Bxf6 23. Qd2 Be7 24. g5 hxg5 25. hxg5 Nd7 26. Bh3 Red8 27. Kh2 Rxc4 28. f6 Bf8 29. Rh1 d5 30. Qe2 Qc7 31. Qh5 g6 32. Qxg6+ fxg6 33. Be6+ 1-0

[Event "CAN-op"]
[Site "Vancouver CAN"]
[Date "1999.07.11"]
[Round "9"]
[White "Fullbrook, Nigel"]
[Black "Pechisker, Alfred"]
[Result "1-0"]
[WhiteElo "2225"]
[BlackElo "2052"]
[PlyCount "57"]
[GameId "2160767911743160"]
[EventDate "1999.07.02"]
[EventType "swiss"]
[EventRounds "11"]
[EventCountry "CAN"]
[SourceTitle "EXT 2000"]
[Source "ChessBase"]
[SourceDate "1999.11.18"]
[SourceVersion "1"]
[SourceVersionDate "1999.11.18"]
[SourceQuality "1"]

1. e4 c5 2. Nf3 e6 3. d4 cxd4 4. Nxd4 a6 5. Be3 d6 6. c4 Nf6 7. Nc3 Be7 8. Be2 O-O 9. O-O Qc7 10. Rc1 Nc6 11. Nb3 Na7 12. f4 Qb8 13. g4 b5 14. g5 Nd7 15. cxb5 Nxb5 16. f5 Nxc3 17. Rxc3 Bb7 18. Bc4 Bxe4 19. fxe6 Ne5 20. exf7+ Nxf7 21. Bd5 Bg6 22. Nd4 Qxb2 23. Rb3 Qxa2 24. Nc6 Bc2 25. Qh5 Bxb3 26. g6 h6 27. gxf7+ Kh8 28. Bxh6 Rxf7 29. Bxg7+ 1-0

[Event "CAN-op"]
[Site "Vancouver CAN"]
[Date "1999.07.11"]
[Round "9"]
[White "Gross, Ronald"]
[Black "Harmon, Clark"]
[Result "1/2-1/2"]
[WhiteElo "2185"]
[BlackElo "2180"]
[PlyCount "21"]
[GameId "2160767911743161"]
[EventDate "1999.07.02"]
[EventType "swiss"]
[EventRounds "11"]
[EventCountry "CAN"]
[SourceTitle "EXT 2000"]
[Source "ChessBase"]
[SourceDate "1999.11.18"]
[SourceVersion "1"]
[SourceVersionDate "1999.11.18"]
[SourceQuality "1"]

1. d4 Nf6 2. c4 e6 3. Nc3 Bb4 4. e3 O-O 5. Nf3 c5 6. Be2 d5 7. cxd5 Nxd5 8. Bd2 cxd4 9. Nxd5 Bxd2+ 10. Qxd2 Qxd5 11. Qxd4 1/2-1/2

[Event "CAN-op"]
[Site "Vancouver CAN"]
[Date "1999.07.11"]
[Round "9"]
[White "Gufeld, Eduard"]
[Black "Orlov, Georgi"]
[Result "0-1"]
[WhiteElo "2454"]
[BlackElo "2501"]
[PlyCount "128"]
[GameId "2160767911743162"]
[EventDate "1999.07.02"]
[EventType "swiss"]
[EventRounds "11"]
[EventCountry "CAN"]
[SourceTitle "EXT 2000"]
[Source "ChessBase"]
[SourceDate "1999.11.18"]
[SourceVersion "1"]
[SourceVersionDate "1999.11.18"]
[SourceQuality "1"]

1. e4 d6 2. d4 Nf6 3. Nc3 g6 4. Be3 c6 5. Qd2 b5 6. f3 Bg7 7. O-O-O Nbd7 8. Bh6 Bxh6 9. Qxh6 b4 10. Nce2 e5 11. Nh3 Qe7 12. Nf2 Bb7 13. Kb1 O-O-O 14. Qe3 Kb8 15. Nc1 d5 16. dxe5 Nxe5 17. Be2 c5 18. Ncd3 Ned7 19. Rhe1 Rhe8 20. Nf4 a6 21. Bd3 g5 22. N4h3 h6 23. Qd2 dxe4 24. Nxe4 Ne5 25. Nxf6 Qxf6 26. Qf2 Nxd3 27. Rxd3 Rxe1+ 28. Qxe1 Rxd3 29. cxd3 Qd6 30. Qg3 Kc7 31. Kc2 f5 32. f4 g4 33. Nf2 Qe6 34. Nd1 Qxa2 35. Qe3 Kb6 36. Qe7 Qa4+ 37. b3 Qc6 38. Ne3 Ka7 39. Qf7 a5 40. Qxf5 a4 41. bxa4 Qxa4+ 42. Kd2 Qa2+ 43. Kd1 Qb1+ 44. Kd2 Qb2+ 45. Kd1 Qd4 46. Kd2 Qc3+ 47. Ke2 Qb2+ 48. Kd1 Qd4 49. Kd2 Qc3+ 50. Kd1 b3 51. Nc4 Qd4 52. Ke2 b2 53. Nd2 Qg1 54. Qxg4 Qxh2 55. Kf2 Qh1 56. f5 b1=Q 57. Nxb1 Qxb1 58. Qc4 Qb2+ 59. Ke3 Qe5+ 60. Kd2 Qxf5 61. g3 Ba6 62. Qb3 Qxd3+ 63. Qxd3 Bxd3 64. Kxd3 h5 0-1

[Event "CAN-op"]
[Site "Vancouver CAN"]
[Date "1999.07.11"]
[Round "9"]
[White "Huber, Gregory"]
[Black "Franett, Michael"]
[Result "1-0"]
[WhiteElo "2209"]
[BlackElo "2133"]
[PlyCount "35"]
[GameId "2160767911743163"]
[EventDate "1999.07.02"]
[EventType "swiss"]
[EventRounds "11"]
[EventCountry "CAN"]
[SourceTitle "EXT 2000"]
[Source "ChessBase"]
[SourceDate "1999.11.18"]
[SourceVersion "1"]
[SourceVersionDate "1999.11.18"]
[SourceQuality "1"]

1. Nf3 d5 2. b4 Nf6 3. d4 g6 4. Bb2 Bg7 5. e3 O-O 6. Nbd2 c6 7. c4 a5 8. b5 cxb5 9. cxb5 Bf5 10. Be2 Nbd7 11. Rc1 Rc8 12. Rxc8 Qxc8 13. O-O Qa8 14. Ba3 Re8 15. Nh4 Be6 16. f4 Ne4 17. Nxe4 dxe4 18. d5 1-0

[Event "CAN-op"]
[Site "Vancouver CAN"]
[Date "1999.07.11"]
[Round "9"]
[White "Milat, Marcel"]
[Black "Golts, Roman"]
[Result "1/2-1/2"]
[WhiteElo "2279"]
[BlackElo "2207"]
[PlyCount "81"]
[GameId "2160767911743164"]
[EventDate "1999.07.02"]
[EventType "swiss"]
[EventRounds "11"]
[EventCountry "CAN"]
[SourceTitle "EXT 2000"]
[Source "ChessBase"]
[SourceDate "1999.11.18"]
[SourceVersion "1"]
[SourceVersionDate "1999.11.18"]
[SourceQuality "1"]

1. e4 e6 2. d4 d5 3. Nd2 c5 4. Ngf3 Nc6 5. exd5 exd5 6. Bb5 Bd6 7. dxc5 Bxc5 8. Nb3 Bd6 9. O-O Nge7 10. Bd3 O-O 11. c3 a6 12. Re1 h6 13. h3 Bd7 14. Be3 Qc7 15. Nbd4 Rae8 16. Bc2 Qc8 17. Qd2 Nxd4 18. Nxd4 Ng6 19. Ne2 Be6 20. Bf4 Nxf4 21. Nxf4 Qc4 22. Ne2 Qh4 23. Qd3 g6 24. Nd4 Bd7 25. Qf3 Qg5 26. Bb3 Bc6 27. g3 Bc5 28. Rad1 Bxd4 29. cxd4 Rxe1+ 30. Rxe1 Qd2 31. Qc3 Qxc3 32. bxc3 Kg7 33. Re5 Rd8 34. f4 Kf8 35. Kf2 f6 36. Re3 Re8 37. Rxe8+ Kxe8 38. Kf3 Ke7 39. h4 b5 40. f5 g5 41. Kg4 1/2-1/2

[Event "CAN-op"]
[Site "Vancouver CAN"]
[Date "1999.07.11"]
[Round "9"]
[White "Ristovic, Nenad"]
[Black "Saidy, Anthony"]
[Result "1-0"]
[WhiteElo "2265"]
[BlackElo "2375"]
[PlyCount "109"]
[GameId "2160767911743166"]
[EventDate "1999.07.02"]
[EventType "swiss"]
[EventRounds "11"]
[EventCountry "CAN"]
[SourceTitle "EXT 2000"]
[Source "ChessBase"]
[SourceDate "1999.11.18"]
[SourceVersion "1"]
[SourceVersionDate "1999.11.18"]
[SourceQuality "1"]

1. d4 Nf6 2. c4 g6 3. g3 Bg7 4. Bg2 d5 5. cxd5 Nxd5 6. e4 Nb6 7. Ne2 O-O 8. O-O Nc6 9. d5 Na5 10. Nbc3 c6 11. b3 cxd5 12. exd5 Bg4 13. Bb2 Qd7 14. Qe1 Bxe2 15. Qxe2 Rac8 16. Rac1 Rc7 17. Qe4 Rfc8 18. Qb4 Rc5 19. a4 Na8 20. Nb5 Rxc1 21. Bxc1 b6 22. Be3 Kf8 23. Nd4 Nc7 24. Rc1 Na6 25. Rxc8+ Qxc8 26. Qb5 Nc7 27. Qd3 Qd7 28. b4 Nb7 29. Nc6 e6 30. Nxa7 Nxd5 31. Bxd5 exd5 32. Bxb6 Qxa4 33. Qxd5 Qa6 34. Be3 Bf6 35. b5 Qa1+ 36. Kg2 Nd8 37. Nc6 Qa8 38. Bh6+ Ke8 39. Qd6 Ne6 40. h4 Qb7 41. Bg5 Bd4 42. Be3 Bg7 43. Kh2 Bf8 44. Qd5 Qd7 45. Qc4 Bd6 46. b6 h5 47. Na5 f5 48. b7 f4 49. Qc8+ Nd8 50. gxf4 Qe7 51. Kg3 g5 52. b8=Q gxf4+ 53. Bxf4 Bxb8 54. Qxb8 Qa3+ 55. Nb3 1-0

[Event "CAN-op"]
[Site "Vancouver CAN"]
[Date "1999.07.11"]
[Round "9"]
[White "Spraggett, Kevin"]
[Black "Yoos, John"]
[Result "1-0"]
[WhiteElo "2521"]
[BlackElo "2302"]
[PlyCount "51"]
[GameId "2160767911743167"]
[EventDate "1999.07.02"]
[EventType "swiss"]
[EventRounds "11"]
[EventCountry "CAN"]
[SourceTitle "EXT 2000"]
[Source "ChessBase"]
[SourceDate "1999.11.18"]
[SourceVersion "1"]
[SourceVersionDate "1999.11.18"]
[SourceQuality "1"]

1. Nf3 d6 2. d4 Nf6 3. Nc3 d5 4. Bf4 Bf5 5. e3 e6 6. Bd3 Bg6 7. Ne5 c6 8. a3 Bd6 9. Bg5 Be7 10. f4 Nfd7 11. Bxe7 Qxe7 12. O-O Bxd3 13. cxd3 O-O 14. Nf3 c5 15. dxc5 Qxc5 16. d4 Qb6 17. Qd3 f5 18. Rac1 h6 19. b4 Qa6 20. Qxa6 Nxa6 21. Nb5 b6 22. Rc6 Kf7 23. Rfc1 Nab8 24. Rc7 a6 25. Ne5+ Kf6 26. Rxd7 1-0

[Event "CAN-op"]
[Site "Vancouver CAN"]
[Date "1999.07.02"]
[Round "10"]
[White "Basanta, Gary"]
[Black "Lipnowski, Irwin"]
[Result "0-1"]
[WhiteElo "2355"]
[BlackElo "2316"]
[PlyCount "72"]
[GameId "2160767911743168"]
[EventDate "1999.07.02"]
[EventType "swiss"]
[EventRounds "11"]
[EventCountry "CAN"]
[SourceTitle "EXT 2000"]
[Source "ChessBase"]
[SourceDate "1999.11.18"]
[SourceVersion "1"]
[SourceVersionDate "1999.11.18"]
[SourceQuality "1"]

1. e4 c5 2. Nf3 e6 3. b4 cxb4 4. d4 Nf6 5. Bd3 b6 6. Qe2 Bb7 7. Bg5 h6 8. Bh4 Be7 9. Nbd2 d5 10. O-O Nxe4 11. Nxe4 Bxh4 12. Nxh4 dxe4 13. Bxe4 Bxe4 14. Qxe4 Nd7 15. a3 bxa3 16. Rxa3 O-O 17. Rfa1 a5 18. Rg3 Nf6 19. Qe3 Kh8 20. Nf3 Rc8 21. Rc1 Nd5 22. Qe4 Rc3 23. Ne5 Qc7 24. f3 Nf6 25. Qe2 Rc8 26. f4 Kg8 27. Ng4 Qxf4 28. Rf1 Qxd4+ 29. Ne3 Ne4 30. Rh3 Rxc2 31. Qh5 Ng5 32. Rg3 Rc1 33. h4 Rxf1+ 34. Kxf1 Rc1+ 35. Ke2 Ne4 36. Rxg7+ Kxg7 0-1

[Event "CAN-op"]
[Site "Vancouver CAN"]
[Date "1999.07.02"]
[Round "10"]
[White "Cummings, David"]
[Black "Spraggett, Kevin"]
[Result "1/2-1/2"]
[WhiteElo "2357"]
[BlackElo "2521"]
[PlyCount "71"]
[GameId "2160767911743169"]
[EventDate "1999.07.02"]
[EventType "swiss"]
[EventRounds "11"]
[EventCountry "CAN"]
[SourceTitle "EXT 2000"]
[Source "ChessBase"]
[SourceDate "1999.11.18"]
[SourceVersion "1"]
[SourceVersionDate "1999.11.18"]
[SourceQuality "1"]

1. d4 Nf6 2. Nf3 g6 3. c4 Bg7 4. Nc3 d6 5. e4 O-O 6. Be2 e5 7. d5 a5 8. Bg5 Na6 9. Nd2 Qe8 10. a3 Bd7 11. O-O Kh8 12. Be3 a4 13. Nb5 Qb8 14. Qxa4 c6 15. dxc6 bxc6 16. Nc3 Qxb2 17. Qb3 Qxb3 18. Nxb3 Be6 19. Rfd1 Rfb8 20. Na5 Rb2 21. Rxd6 Rc2 22. Rc1 Rxc3 23. Rxc3 Nxe4 24. Rcd3 Nxd6 25. Rxd6 Bf8 26. Rd1 Rc8 27. Bf3 Bxa3 28. Nxc6 Nb4 29. Nxe5 Bb2 30. Bd4 Bxd4 31. Rxd4 f6 32. Ng4 Rxc4 33. Rxc4 Bxc4 34. Nxf6 Kg7 35. Nd7 Nc2 36. Ne5 1/2-1/2

[Event "CAN-op"]
[Site "Vancouver CAN"]
[Date "1999.07.02"]
[Round "10"]
[White "Golts, Roman"]
[Black "Fullbrook, Nigel"]
[Result "1/2-1/2"]
[WhiteElo "2207"]
[BlackElo "2225"]
[PlyCount "63"]
[GameId "2160767911743170"]
[EventDate "1999.07.02"]
[EventType "swiss"]
[EventRounds "11"]
[EventCountry "CAN"]
[SourceTitle "EXT 2000"]
[Source "ChessBase"]
[SourceDate "1999.11.18"]
[SourceVersion "1"]
[SourceVersionDate "1999.11.18"]
[SourceQuality "1"]

1. e4 d6 2. d4 Nf6 3. Nc3 g6 4. g3 Bg7 5. Bg2 O-O 6. Nge2 Na6 7. h3 c5 8. d5 Rb8 9. g4 b5 10. Ng3 Nc7 11. O-O b4 12. Nce2 a5 13. f4 Ba6 14. Rf2 Nd7 15. Kh2 Nb5 16. Rb1 Nd4 17. Be3 Nxe2 18. Nxe2 a4 19. Bf1 Qa5 20. Ng3 Nb6 21. b3 axb3 22. axb3 Nc8 23. Qc1 Bxf1 24. Rxf1 Na7 25. f5 Nb5 26. Bh6 Bxh6 27. Qxh6 Qa2 28. Rfc1 Na3 29. f6 exf6 30. Nh5 gxh5 31. Qxf6 Qxb1 32. Qg5+ 1/2-1/2

[Event "CAN-op"]
[Site "Vancouver CAN"]
[Date "1999.07.02"]
[Round "10"]
[White "Hua, Lefong"]
[Black "O'Donnell, Tom"]
[Result "0-1"]
[WhiteElo "2246"]
[BlackElo "2355"]
[PlyCount "70"]
[GameId "2160767911743172"]
[EventDate "1999.07.02"]
[EventType "swiss"]
[EventRounds "11"]
[EventCountry "CAN"]
[SourceTitle "EXT 2000"]
[Source "ChessBase"]
[SourceDate "1999.11.18"]
[SourceVersion "1"]
[SourceVersionDate "1999.11.18"]
[SourceQuality "1"]

1. d4 d5 2. c4 e6 3. Nc3 c6 4. cxd5 exd5 5. Qc2 Be7 6. Nf3 Nf6 7. Bg5 O-O 8. e3 Ne4 9. Nxe4 dxe4 10. Bxe7 Qxe7 11. Ne5 Be6 12. Be2 f6 13. Nc4 Bd5 14. O-O Nd7 15. Rae1 Rac8 16. Nd2 Kh8 17. Bc4 Bxc4 18. Qxc4 f5 19. f3 exf3 20. Rxf3 c5 21. Qf1 Qe6 22. dxc5 Qxa2 23. Rxf5 Qxb2 24. Ne4 Qb4 25. Rf4 Rxf4 26. exf4 Nxc5 27. Ng5 Qxe1 28. Qxe1 Nd3 29. Nf7+ Kg8 30. Nd6 Nxe1 31. Nxc8 a5 32. Kf2 a4 33. Ne7+ Kf7 34. Nd5 a3 35. Nc3 Nd3+ 0-1

[Event "CAN-op"]
[Site "Vancouver CAN"]
[Date "1999.07.02"]
[Round "10"]
[White "Milat, Marcel"]
[Black "Gufeld, Eduard"]
[Result "1-0"]
[WhiteElo "2279"]
[BlackElo "2454"]
[PlyCount "77"]
[GameId "2160767911743175"]
[EventDate "1999.07.02"]
[EventType "swiss"]
[EventRounds "11"]
[EventCountry "CAN"]
[SourceTitle "EXT 2000"]
[Source "ChessBase"]
[SourceDate "1999.11.18"]
[SourceVersion "1"]
[SourceVersionDate "1999.11.18"]
[SourceQuality "1"]

1. d4 Nf6 2. c4 g6 3. Nc3 Bg7 4. e4 O-O 5. Nf3 d6 6. Be2 Bg4 7. Be3 Nc6 8. d5 Bxf3 9. Bxf3 Ne5 10. Be2 c6 11. f4 Ned7 12. O-O Qa5 13. a3 Rfc8 14. b4 Qd8 15. Rc1 a5 16. Qb3 axb4 17. axb4 c5 18. e5 dxe5 19. fxe5 Nxe5 20. Bxc5 Ne8 21. Na4 Ra6 22. Bf2 Rca8 23. Ra1 Rf6 24. c5 Nc7 25. Rad1 Qe8 26. Nb6 Rd8 27. Rfe1 Nb5 28. h3 h5 29. Bg3 Rf5 30. Bf1 Nc7 31. Re4 e6 32. d6 Na6 33. Bxa6 bxa6 34. Rxe5 Rxe5 35. d7 Qe7 36. c6 Re4 37. c7 Rd4 38. c8=Q Kh7 39. Bc7 1-0